[Event "Lansing op"]
[Site "Lansing"]
[Date "2004.09.06"]
[Round "6"]
[White "Messenger, David"]
[Black "Smith, Robert Wayne"]
[Result "1-0"]
[WhiteElo "1363"]
[BlackElo "1500"]
[PlyCount "60"]
[EventDate "2004.09.03"]
[EventType "swiss"]
[EventRounds "7"]
[EventCountry "USA"]
[SourceTitle "EXT 2007"]
[Source "ChessBase"]
[SourceDate "2006.11.23"]
[SourceVersion "1"]
[SourceVersionDate "2006.11.23"]
[SourceQuality "1"]

1. e4 c5 2. Nf3 d6 3. Bc4 Nf6 4. d3 a6 5. c3 b5 6. Bb3 Nbd7 7. 0-0 Bb7 8. Bc2 e6 9. Bg5 Be7 10. Re1 0-0 11. Nbd2 Qc7 12. Rc1 Rac8 13. d4 cxd4 14. cxd4 Qb8 15. e5 dxe5 16. dxe5 Nd5 17. Bxe7 Nxe7 18. Ng5 g6 19. Ndf3 Rfd8 20. Qe2 Nf8 21. Be4 Nf5 22. Bxb7 Qxb7 23. Ne4 Qb8 24. Nf6+ Kh8 25. g4 Ng7 26. Ng5 Ne8 27. Nxf7+ Kg7 28. Nxd8 Rxd8 29. g5 Nc7 30. Rc6 Qa8 1-0

[Event "Lansing op"]
[Site "Lansing"]
[Date "2004.09.05"]
[Round "5"]
[White "Griffin, John P"]
[Black "Messenger, David"]
[Result "0-1"]
[WhiteElo "1500"]
[BlackElo "1363"]
[PlyCount "118"]
[EventDate "2004.09.03"]
[EventType "swiss"]
[EventRounds "7"]
[EventCountry "USA"]
[SourceTitle "EXT 2007"]
[Source "ChessBase"]
[SourceDate "2006.11.23"]
[SourceVersion "1"]
[SourceVersionDate "2006.11.23"]
[SourceQuality "1"]

1. d4 d6 2. c4 Nf6 3. Nf3 g6 4. Nc3 Bg7 5. e4 Bg4 6. Be2 c6 7. 0-0 0-0 8. h3 Bxf3 9. Bxf3 Nbd7 10. Qc2 Qc7 11. Be3 Nb6 12. Be2 e5 13. dxe5 dxe5 14. c5 Nbd7 15. b4 Rfe8 16. f3 Nf8 17. Rfd1 Ne6 18. a3 Nh5 19. Rd6 Nd4 20. Qa2 Rad8 21. Rxd8 Rxd8 22. Bf1 Qe7 23. Rd1 Nf4 24. g3 Qg5 25. Kh2 Nxf3+ 26. Kh1 Rxd1 27. Nxd1 Qxg3 28. Qf2 Qxf2 29. Bxf2 Ng5 30. Nc3 Ngxh3 31. Be3 Ng5 32. b5 Nge6 33. bxc6 bxc6 34. Ba6 Nd8 35. Kh2 Nfe6 36. Na4 Bf8 37. Kg3 Kg7 38. Bc8 h5 39. Kh4 Be7+ 40. Kg3 g5 41. Bd7 Kg6 42. Bc8 g4 43. Ba6 Bg5 44. Bg1 Bf4+ 45. Kg2 Kg5 46. Nb2 h4 47. Nd3 h3+ 48. Kf1 g3 49. a4 f6 50. a5 Kh4 51. Bc4 Ng5 52. Ne1 h2 53. Bxh2 gxh2 54. Kg2 Nxe4 55. a6 Nxc5 56. Be2 e4 57. Kh1 Kg3 58. Nf3 exf3 59. Bxf3 Nd3 0-1

[Event "Lansing op"]
[Site "Lansing"]
[Date "2004.09.04"]
[Round "2"]
[White "Guilfoyle, Jeffrey P"]
[Black "Messenger, David"]
[Result "1-0"]
[WhiteElo "1470"]
[BlackElo "1363"]
[PlyCount "65"]
[EventDate "2004.09.03"]
[EventType "swiss"]
[EventRounds "7"]
[EventCountry "USA"]
[SourceTitle "EXT 2007"]
[Source "ChessBase"]
[SourceDate "2006.11.23"]
[SourceVersion "1"]
[SourceVersionDate "2006.11.23"]
[SourceQuality "1"]

1. d4 Nf6 2. c4 d6 3. Nc3 g6 4. e4 Bg7 5. Nf3 Bg4 6. Be2 0-0 7. h3 Bxf3 8. Bxf3 c6 9. Be3 Nbd7 10. 0-0 Qc7 11. Qd2 Rfe8 12. Rac1 Rad8 13. Qc2 Rc8 14. Rfd1 a6 15. d5 Ne5 16. Be2 e6 17. f4 Ned7 18. Qb3 exd5 19. cxd5 Nxe4 20. Nxe4 Rxe4 21. Bf3 Rxe3 22. Qxe3 c5 23. Qe2 b5 24. Kh1 Nf6 25. b3 Re8 26. Qd2 Qb6 27. Re1 Kf8 28. Rxe8+ Nxe8 29. Qe2 b4 30. Re1 Nc7 31. Qe7+ Kg8 32. Qd8+ Bf8 33. Re8 1-0

[Event "Lansing op"]
[Site "Lansing"]
[Date "2004.09.04"]
[Round "3"]
[White "Messenger, David"]
[Black "Bale, Shawn"]
[Result "0-1"]
[WhiteElo "1363"]
[BlackElo "1551"]
[PlyCount "70"]
[EventDate "2004.09.03"]
[EventType "swiss"]
[EventRounds "7"]
[EventCountry "USA"]
[SourceTitle "EXT 2007"]
[Source "ChessBase"]
[SourceDate "2006.11.23"]
[SourceVersion "1"]
[SourceVersionDate "2006.11.23"]
[SourceQuality "1"]

1. d4 Nf6 2. c4 g6 3. Nc3 Bg7 4. Bg5 0-0 5. e4 c5 6. d5 d6 7. Bd3 Nbd7 8. f4 Re8 9. Nf3 a6 10. 0-0 h6 11. Bh4 e5 12. fxe5 Nxe5 13. Nxe5 Rxe5 14. Qf3 g5 15. Bg3 Re7 16. h3 Qc7 17. Rae1 Nd7 18. e5 Nxe5 19. Bxe5 Rxe5 20. Rxe5 Bxe5 21. Qh5 Kg7 22. Ne4 Qe7 23. b3 Bd4+ 24. Kh1 Be5 25. Nxg5 hxg5 26. Qh7+ Kf8 27. Bg6 f5 28. Qh6+ Bg7 29. Qh5 Qf6 30. Re1 Bd7 31. g4 f4 32. h4 Qc3 33. Re4 Qh3+ 34. Kg1 Qxg4+ 35. Qxg4 Bxg4 0-1

[Event "Lansing op"]
[Site "Lansing"]
[Date "2004.09.04"]
[Round "2"]
[White "Messenger, David"]
[Black "Imai, Toshio"]
[Result "0-1"]
[WhiteElo "1363"]
[BlackElo "1435"]
[PlyCount "59"]
[EventDate "2004.09.03"]
[EventType "swiss"]
[EventRounds "7"]
[EventCountry "USA"]
[SourceTitle "EXT 2007"]
[Source "ChessBase"]
[SourceDate "2006.11.23"]
[SourceVersion "1"]
[SourceVersionDate "2006.11.23"]
[SourceQuality "1"]

1. e4 e5 2. Nf3 f5 3. d4 exd4 4. Nxd4 fxe4 5. Be3 Nf6 6. Be2 d5 7. 0-0 c5 8. Nb3 b6 9. N1d2 Bb7 10. c4 d4 11. Bg5 Nbd7 12. f3 e3 13. Ne4 Be7 14. Nc1 h6 15. Bxf6 Nxf6 16. Bd3 0-0 17. Ne2 Nxe4 18. Bxe4 Bxe4 19. fxe4 Rxf1+ 20. Qxf1 Bd6 21. Qf5 Kh8 22. g3 Qe7 23. Rf1 Rf8 24. Qd5 Rxf1+ 25. Kxf1 Qf6+ 26. Kg2 Qf2+ 27. Kh3 Qf1+ 28. Kh4 Be7+ 29. Kh5 Qxe2+ 30. Kg6 0-1

[Event "Warren Bottom-Half U1500 op"]
[Site "Warren"]
[Date "2004.06.26"]
[Round "1"]
[White "Messenger, David"]
[Black "Abdul, Ahmad"]
[Result "1-0"]
[WhiteElo "1363"]
[BlackElo "1450"]
[PlyCount "117"]
[EventDate "2004.06.26"]
[EventType "swiss"]
[EventRounds "5"]
[EventCountry "USA"]
[SourceTitle "EXT 2008"]
[Source "ChessBase"]
[SourceDate "2007.11.25"]
[SourceVersion "1"]
[SourceVersionDate "2007.11.25"]
[SourceQuality "1"]

1. e4 c5 2. Nf3 e6 3. c3 d5 4. Bb5+ Bd7 5. Bxd7+ Qxd7 6. exd5 Qxd5 7. 0-0 Bd6 8. d4 c4 9. Re1 Nf6 10. Nbd2 0-0 11. Ne5 Nbd7 12. Ndxc4 Bc7 13. Bf4 Rac8 14. Ne3 Qe4 15. Nxd7 Nxd7 16. Bxc7 Rxc7 17. Ng4 Qg6 18. Ne5 Nxe5 19. Rxe5 Rb8 20. Qd2 h6 21. Rae1 b5 22. h3 Rd8 23. R1e3 Qb1+ 24. Kh2 Qa1 25. Rg3 Qb1 26. Qxh6 Qh7 27. Qf4 Rdc8 28. Reg5 f5 29. Rg6 Qh5 30. Qe5 Qh7 31. Qxe6+ Kh8 32. Qxf5 Rd8 33. Qe5 Rf7 34. f4 Rdf8 35. d5 Rf6 36. Rxf6 gxf6 37. Qe6 Qh4 38. Qg4 Qh6 39. d6 f5 40. Qg6 Qh7 41. Qxh7+ Kxh7 42. Re3 Rd8 43. Rd3 Rd7 44. Kg3 Kg6 45. Kf3 Kf6 46. g4 Ke6 47. g5 Rh7 48. Kg3 Kd7 49. h4 Rh8 50. b3 a5 51. c4 bxc4 52. bxc4 Rc8 53. Rd4 Re8 54. h5 Re1 55. h6 Re2 56. c5 Rxa2 57. c6+ Kd8 58. d7 Rc2 59. h7 1-0

[Event "Kalamazoo op1"]
[Site "Kalamazoo"]
[Date "2003.08.31"]
[Round "4.17"]
[White "Messenger, David"]
[Black "Nicolli, Randy"]
[Result "0-1"]
[WhiteElo "1555"]
[BlackElo "1677"]
[PlyCount "108"]
[EventDate "2003.08.29"]
[EventType "swiss"]
[EventRounds "7"]
[EventCountry "USA"]
[SourceTitle "EXT 2007"]
[Source "ChessBase"]
[SourceDate "2006.11.23"]
[SourceVersion "1"]
[SourceVersionDate "2006.11.23"]
[SourceQuality "1"]

1. Nf3 d6 2. b3 Nf6 3. c4 g6 4. Bb2 Bg7 5. g3 0-0 6. d3 c6 7. Bg2 Nbd7 8. Nbd2 Rb8 9. 0-0 Qc7 10. a3 e5 11. Ra2 Ng4 12. Qa1 f5 13. h3 Ngf6 14. Ng5 Nc5 15. d4 Nce4 16. Ndf3 Nxg5 17. Nxg5 e4 18. d5 h6 19. Ne6 Bxe6 20. dxe6 Rbe8 21. Rd1 Rxe6 22. a4 Rd8 23. Qb1 d5 24. f4 exf3 25. exf3 Qxg3 26. Bd4 dxc4 27. Bf2 Rxd1+ 28. Qxd1 Rd6 29. Rd2 Rxd2 30. Qxd2 Qe5 31. Qd8+ Kh7 32. bxc4 Nh5 33. Qd7 Qa1+ 34. Bf1 Nf4 35. Qxb7 Nxh3+ 36. Kg2 Nxf2 37. Kxf2 Qxa4 38. Qf7 Qc2+ 39. Kg1 a5 40. c5 Qxc5+ 41. Kg2 a4 42. Bc4 Qf8 43. Qe6 c5 44. f4 h5 45. Kh3 Qf6 46. Qg8+ Kh6 47. Bf7 Qc3+ 48. Kg2 Qd2+ 49. Kf3 Qd1+ 50. Kf2 Bd4+ 51. Kg2 Qg1+ 52. Kh3 h4 53. Qf8+ Bg7 54. Qg8 Qg3# 0-1

[Event "Kalamazoo op1"]
[Site "Kalamazoo"]
[Date "2003.08.30"]
[Round "2.11"]
[White "Gore, Ron"]
[Black "Messenger, David"]
[Result "1-0"]
[WhiteElo "1565"]
[BlackElo "1555"]
[PlyCount "98"]
[EventDate "2003.08.29"]
[EventType "swiss"]
[EventRounds "7"]
[EventCountry "USA"]
[SourceTitle "EXT 2007"]
[Source "ChessBase"]
[SourceDate "2006.11.23"]
[SourceVersion "1"]
[SourceVersionDate "2006.11.23"]
[SourceQuality "1"]

1. e4 Nf6 2. e5 Nd5 3. d4 d6 4. c4 Nb6 5. Nf3 Bg4 6. Be2 Nc6 7. exd6 exd6 8. d5 Na5 9. b3 Be7 10. Bd2 Bf6 11. Bc3 c6 12. dxc6 Nxc6 13. 0-0 0-0 14. Nd4 Bxe2 15. Nxe2 Re8 16. Bxf6 Qxf6 17. Nbc3 Re5 18. Qd2 Rae8 19. Rad1 Nc8 20. Nd5 Qd8 21. Rfe1 N6e7 22. Nec3 Qa5 23. Rxe5 dxe5 24. Ne4 Qxd2 25. Rxd2 Nxd5 26. Rxd5 Nb6 27. Rd2 h6 28. c5 Nc8 29. b4 f5 30. Nc3 a6 31. Rd7 b6 32. c6 Ne7 33. c7 Nc6 34. Nd5 Kf8 35. Nxb6 Na7 36. Rd8 Kf7 37. Rxe8 Kxe8 38. c8Q+ Nxc8 39. Nxc8 Kd7 40. Nb6+ Kc6 41. Nc4 e4 42. Ne3 g6 43. Kf1 Kb5 44. Nc2 a5 45. bxa5 Kxa5 46. Ke2 Ka4 47. a3 Kb3 48. Ke3 Kxc2 49. a4 Kd1 1-0